| 000 | 00920nam a2200241 i 4500 | ||
|---|---|---|---|
| 001 | 162409 | ||
| 003 | ES-MaACL | ||
| 005 | 20250812091038.0 | ||
| 008 | 931025s1897 sp |||| | spa d | ||
| 100 | 1 |
_aPons Boigues, Francisco. _993004 |
|
| 245 | 1 | 0 |
_aApuntes sobre las escrituras mozárabes toledanas que se conservan en el Archivo Histórico Nacional / _cpor Francisco Pons Boigues. |
| 260 |
_aMadrid : _b[s.n.], _c1897 ( _fEst. Tip. de la Viuda e Hijos de Tello) |
||
| 300 |
_a320 p. ; _c19 cm. |
||
| 530 | _aDisponible en formato digital. | ||
| 546 | _aTextos en español y mozárabe. | ||
| 597 | _aSignaturizado. | ||
| 650 | 7 |
_aDialectos mozárabes _2embne _9141211 |
|
| 650 | 4 |
_aMozárabes- _zToledo. _9155461 |
|
| 752 |
_aEspaña - _dMadrid |
||
| 852 |
_aES-MaACL _jG-13973 _z- Enc. hol. |
||
| 856 |
_uhttps://archive.org/details/apuntessobrelas00spagoog _zInternet Archive |
||
| 999 |
_c162409 _d162409 |
||